=LDR 00000nam 2200000 4500 =001 INLIS000000000045690 =005 20150902154123.0 =006 =007 =008 =020 ##$$a 978-979-29-1688-1 =035 ##$$0010-021500000000250 =040 ##$$a NBPDMAT =082 ##$$a 629.227.5 =090 ##$$a 629.227.5 $b Ali j =100 ##$$a Ali Akbar =245 ##$$a Jago Tune Up plus Merawat Skuter Matik Sendiri / $c Ali Akbar =250 ##$$a Cet. 1 =260 ##$$a Yogyakarta $b Andi $c 2010 =300 ##$$a 102 hlm $b Ilus $c 24 cm =500 ##$$a Bibliografi : hal. 102 =650 ##$$a Skuter Matik =990 ##$$a 0001/BPAP-NTB/2015 =990 ##$$a 0001/BPAP-NTB/2015